Sports Quiz

Random Sports Quiz

League 1 England Teams 2015/16 Quiz Stats

 Plays Quiz not verified by Sporcle

Support Sporcle.
Go Orange.
Score 0/24 Timer 06:00
0 Plays Today
Hint Answer % Correct
Barnsley
88.2%
Wigan
82.4%
Oldham
79.4%
Peterborough
79.4%
Bury
76.5%
Crewe
76.5%
Doncaster
76.5%
Sheffield United
76.5%
Blackpool
73.5%
Bradford
73.5%
Fleetwood
73.5%
Gillingham
70.6%
Hint Answer % Correct
Southend
70.6%
Burton
67.6%
Colchester
67.6%
Coventry
64.7%
Millwall
64.7%
Rochdale
64.7%
Swindon
64.7%
Walsall
64.7%
Port Vale
61.8%
Shrewsbury
55.9%
Chesterfield
50%
Scunthorpe
23.5%

You're not logged in!

Compare scores with friends on all Sporcle quizzes.
OR
Log In

From the Vault

Speed Math (1-100)

by Answer

This quiz is as close as you'll ever come to impersonating a calculator.
Remove Ads.
Support Sporcle.
Get the best of Sporcle when you Go Orange. This ad-free experience offers more features, more stats, and more fun while also helping to support Sporcle. Thank you for becoming a member.

Show Comments

Extras

Created Jan 13, 2016ReportNominate
Tags:England, League, League 1, team

Top Quizzes Today


Score Distribution

Your Account Isn't Verified!

In order to create a playlist on Sporcle, you need to verify the email address you used during registration. Go to your Sporcle Settings to finish the process.

Report this User

Report this user for behavior that violates our Community Guidelines.

Details: